00619nam a22002057a 450000500170000001000130001702000260003003500130005603700160006904000120008508200130009710000250011024500750013526000470021027000460025730000230030350000510032665000150037765000210039220170124110217.0 aA-896369 c330.00a9788170189268 aA-896369 bCen Lib/Ret aDPLbEN a921bZIA aZiya-ul Hasan Faruqi aMaulana Abdul Kalam Azad :cby Ziya-ul Hasan Faruqibtowards freedom / a DelhibB.R. publishing corporation c1997 b Delhia1, Ansari road, Daryaganje110002 axi,231p.c21cm(Hb) aIncludes bibliographical references and index  aBiography  aPolitical leader